00478nam a2200145Ia 4500008004100000020001800041041000800059082001600067100001900083245014800102250000600250260004200256300001100298650002300309210716s2012 xx 000 0 und d a9788120345983 aeng a374.22 KAYK aKaye, Kenneth. aWork place wars and how to end them: turning personal conflicts into productive teamwork.bTurning personal conflicts into productive teamwork. a1 aNew DelhibPHI Learning Pvt Ltdc2012 aix,162 aGeneral Management